000 00793nam a22002177a 4500
999 _c158451
_d158451
005 20181030104055.0
010 _aENG-124401
020 _a9789352535217
_c895.00
035 _aEN-107933
037 _bDBAD/PUB
082 _a657
100 _aTulsian P.C.
245 _aAccountancy for CA intermediate course (Group I)12e:
_cby P.C. Tulsian [and] Bharat Tulsian
_ba self-study textbook /
250 _areprint update ed.
260 _aNew Delhi
_bS.Chand and Company Limited
_c2019
270 _a7361, Ramnagar
_bNew Delhi
_e110055
_k011-23672080-81-82 9899107446, 9911310888
_l91-11-23677446
_minfo@schandgroup.com
300 _axiv, various paging
_c27cm(pbk)
_bill.
500 _aWith Quick Revision Book
700 _a Tulsian, Bharat
942 _2ddc
_cEN
_h657
_mTUL